Commonly Confused British Birds - Statistics

General Stats
  • This quiz has been taken 34 times
  • The average score is 8 of 10
Answer Stats
Question Answer % Correct
Which one is a Grey Heron?
100%
Which one is a Moorhen?
90%
Which one is a Chaffinch?
85%
Which one is a Peregrine Falcon?
85%
Which one is a Jackdaw?
80%
Which one is a Coal Tit?
80%
Which one is a Teal?
75%
Which one is a Red Kite?
75%
Which one is a Great Spotted Woodpecker
70%
Which one is a Tawny Owl?
70%
No matching quizzes found
Score Distribution
Percent of People with Each Score
Percentile by Number Answered
Your Score History
You have not taken this quiz